Criterios de analisis y diseno para terracerias en ferrocarriles de Costa Rica

保存先:
書誌詳細
第一著者: Castillo Rojas, Gerardo
フォーマット: 学位論文 図書
言語:Undetermined
出版事項: 1983
主題:
> > > > FERROCARRILES
タグ: タグ追加
タグなし, このレコードへの初めてのタグを付けませんか!

MARC

LEADER 00000nam a2200000Ia 4500
001 2130
008 140114s9999 xx 000 0 und d
100 |a Castillo Rojas, Gerardo 
245 |a Criterios de analisis y diseno para terracerias en ferrocarriles de Costa Rica 
260 |c 1983 
500 |a NULL 
502 |a Escuela de ingenieria Civil 
650 |z FERROCARRILES 
999 |c 11508  |d 11508